[Event "Stay Safe Play From Home 256"]
[Site "Emanuel Lasker Arena"]
[Date "2020.06.26"]
[Round "9"]
[White "Greblha"]
[Black "grazie"]
[Result "1-0"]
[WhiteElo "1965"]
[BlackElo "1786"]
[PlyCount "95"]
[EventDate "2020.06.26"]
[EventType "swiss (blitz)"]

1. e4 {[%emt 0:00:01]} e6 {[%emt 0:00:00]} 2. d4 {[%emt 0:00:01]} d5 {[%emt 0:00:00]} 3. Nc3 {[%emt 0:00:00]} dxe4 {[%emt 0:00:01]} 4. Nxe4 {[%emt 0:00:01]} Nf6 {[%emt 0:00:01]} 5. Nxf6+ {[%emt 0:00:02]} Qxf6 {[%emt 0:00:00]} 6. c3 {[%emt 0:00:00]} h6 {[%emt 0:00:00]} 7. Qf3 {[%emt 0:00:01]} Nd7 {[%emt 0:00:02]} 8. Qxf6 {[%emt 0:00:01]} Nxf6 {[%emt 0:00:01]} 9. Nf3 {[%emt 0:00:00]} c5 {[%emt 0:00:01]} 10. Bb5+ {[%emt 0:00:01]} Bd7 {[%emt 0:00:01]} 11. Bxd7+ {[%emt 0:00:00]} Nxd7 {[%emt 0:00:01]} 12. dxc5 {[%emt 0:00:00]} Bxc5 {[%emt 0:00:01]} 13. Be3 {[%emt 0:00:00]} Bxe3 {[%emt 0:00:01]} 14. fxe3 {[%emt 0:00:00]} O-O-O {[%emt 0:00:02]} 15. O-O-O {[%emt 0:00:00]} f6 {[%emt 0:00:01]} 16. Nd4 {[%emt 0:00:01]} e5 {[%emt 0:00:01]} 17. Ne6 {[%emt 0:00:01]} Rdg8 {[%emt 0:00:01]} 18. Rd6 {[%emt 0:00:03]} Nb6 {[%emt 0:00:01]} 19. Rhd1 {[%emt 0:00:02]} h5 {[%emt 0:00:01]} 20. a4 {[%emt 0:00:02]} Nc4 {[%emt 0:00:04]} 21. Rd7 {[%emt 0:00:01]} Nxe3 {[%emt 0:00:01]} 22. R1d3 {[%emt 0:00:01]} Nf5 {[%emt 0:00:02]} 23. Rf7 {[%emt 0:00:03]} Re8 {[%emt 0:00:03]} 24. Nc5 {[%emt 0:00:02]} Rd8 {[%emt 0:00:02]} 25. Rxd8+ {[%emt 0:00:04]} Rxd8 {[%emt 0:00:01]} 26. Rxb7 {[%emt 0:00:01]} Rd5 {[%emt 0:00:02]} 27. Rxa7 {[%emt 0:00:06]} Rxc5 {[%emt 0:00:01]} 28. Kc2 {[%emt 0:00:02]} Rd5 {[%emt 0:00:02]} 29. b4 {[%emt 0:00:01]} Ne3+ {[%emt 0:00:02]} 30. Kb3 {[%emt 0:00:01]} g5 {[%emt 0:00:01]} 31. a5 {[%emt 0:00:02]} Rd1 {[%emt 0:00:01]} 32. Rf7 {[%emt 0:00:01]} Rf1 {[%emt 0:00:02]} 33. a6 {[%emt 0:00:01]} Kb8 {[%emt 0:00:02]} 34. b5 {[%emt 0:00:01]} Nxg2 {[%emt 0:00:01]} 35. b6 {[%emt 0:00:01]} Kc8 {[%emt 0:00:01]} 36. Rf8+ {[%emt 0:00:02]} Kd7 {[%emt 0:00:01]} 37. Kc2 {[%emt 0:00:01]} Ne3+ {[%emt 0:00:02]} 38. Kd3 {[%emt 0:00:01]} Nd5 {[%emt 0:00:01]} 39. b7 {[%emt 0:00:01]} Nf4+ {[%emt 0:00:03]} 40. Kc4 {[%emt 0:00:02]} Rb1 {[%emt 0:00:01]} 41. a7 {[%emt 0:00:00]} Rxb7 {[%emt 0:00:01]} 42. a8=Q {[%emt 0:00:00]} Rc7+ {[%emt 0:00:00]} 43. Kb3 {[%emt 0:00:02]} Nd5 {[%emt 0:00:02]} 44. Kc2 {[%emt 0:00:00]} Ne3+ {[%emt 0:00:02]} 45. Kd3 {[%emt 0:00:01]} Nd5 {[%emt 0:00:02]} 46. Qe8+ {[%emt 0:00:00]} Kd6 {[%emt 0:00:01]} 47. Qf7 {[%emt 0:00:01]} Rxc3+ {[%emt 0:00:02]} 48. Kd2 {[%emt 0:00:01] Zeit} 1-0

[Event "Stay Safe Play From Home 256"]
[Site "Emanuel Lasker Arena"]
[Date "2020.06.26"]
[Round "9"]
[White "Grizzzly"]
[Black "Lamborghini"]
[Result "0-1"]
[WhiteElo "1792"]
[BlackElo "2219"]
[PlyCount "102"]
[EventDate "2020.06.26"]
[EventType "swiss (blitz)"]

1. e4 {[%emt 0:00:00]} g6 {[%emt 0:00:01]} 2. d4 {[%emt 0:00:01]} Bg7 {[%emt 0:00:00]} 3. c3 {[%emt 0:00:02]} d6 {[%emt 0:00:01]} 4. Bd3 {[%emt 0:00:00]} Nf6 {[%emt 0:00:01]} 5. Nf3 {[%emt 0:00:00]} O-O {[%emt 0:00:00]} 6. O-O {[%emt 0:00:00]} Nc6 {[%emt 0:00:01]} 7. Bg5 {[%emt 0:00:01]} h6 {[%emt 0:00:01]} 8. Bh4 {[%emt 0:00:01]} e5 {[%emt 0:00:01]} 9. d5 {[%emt 0:00:01]} Ne7 {[%emt 0:00:01]} 10. Nbd2 {[%emt 0:00:00]} Ne8 {[%emt 0:00:01]} 11. Bxe7 {[%emt 0:00:02]} Qxe7 {[%emt 0:00:01]} 12. Re1 {[%emt 0:00:00]} h5 {[%emt 0:00:01]} 13. h3 {[%emt 0:00:01]} Bh6 {[%emt 0:00:01]} 14. c4 {[%emt 0:00:01]} c5 {[%emt 0:00:02]} 15. dxc6 {[%emt 0:00:02]} bxc6 {[%emt 0:00:01]} 16. Qe2 {[%emt 0:00:00]} Be6 {[%emt 0:00:01]} 17. Rad1 {[%emt 0:00:01]} Nf6 {[%emt 0:00:01]} 18. b3 {[%emt 0:00:01]} Rfd8 {[%emt 0:00:01]} 19. Nf1 {[%emt 0:00:01]} a5 {[%emt 0:00:01]} 20. Ne3 {[%emt 0:00:01]} a4 {[%emt 0:00:02]} 21. b4 {[%emt 0:00:03]} Rdb8 {[%emt 0:00:02]} 22. b5 {[%emt 0:00:01]} cxb5 {[%emt 0:00:01]} 23. cxb5 {[%emt 0:00:00]} Nd7 {[%emt 0:00:00]} 24. Bc4 {[%emt 0:00:02]} Bxe3 {[%emt 0:00:01]} 25. Qxe3 {[%emt 0:00:01]} Bxc4 {[%emt 0:00:01]} 26. Rc1 {[%emt 0:00:02]} Bxb5 {[%emt 0:00:01]} 27. Red1 {[%emt 0:00:01]} Nc5 {[%emt 0:00:01]} 28. Rd5 {[%emt 0:00:02]} Bc6 {[%emt 0:00:01]} 29. Rdd1 {[%emt 0:00:05]} Bxe4 {[%emt 0:00:01]} 30. Rxc5 {[%emt 0:00:03]} Bxf3 {[%emt 0:00:01]} 31. Rc3 {[%emt 0:00:02]} Bxd1 {[%emt 0:00:02]} 32. Rd3 {[%emt 0:00:01]} Bc2 {[%emt 0:00:02]} 33. Rd2 {[%emt 0:00:01]} Bf5 {[%emt 0:00:01]} 34. g4 {[%emt 0:00:01]} hxg4 {[%emt 0:00:01]} 35. hxg4 {[%emt 0:00:00]} Be6 {[%emt 0:00:00]} 36. Qg3 {[%emt 0:00:01]} Bd5 {[%emt 0:00:01]} 37. Rxd5 {[%emt 0:00:02]} Rb1+ {[%emt 0:00:01]} 38. Kg2 {[%emt 0:00:01]} Qb7 {[%emt 0:00:01]} 39. Qf3 {[%emt 0:00:01]} Rb5 {[%emt 0:00:01]} 40. Rxb5 {[%emt 0:00:01]} Qxf3+ {[%emt 0:00:01]} 41. Kxf3 {[%emt 0:00:01]} Rd8 {[%emt 0:00:00]} 42. Rb7 {[%emt 0:00:01]} Kg7 {[%emt 0:00:00]} 43. Ke4 {[%emt 0:00:00]} Kf6 {[%emt 0:00:00]} 44. Kd5 {[%emt 0:00:00]} e4 {[%emt 0:00:01]} 45. f3 {[%emt 0:00:00]} exf3 {[%emt 0:00:01]} 46. Rb2 {[%emt 0:00:01]} Kg5 {[%emt 0:00:01]} 47. Rf2 {[%emt 0:00:00]} Kxg4 {[%emt 0:00:00]} 48. Kd4 {[%emt 0:00:01]} f5 {[%emt 0:00:01]} 49. Ke3 {[%emt 0:00:01]} f4+ {[%emt 0:00:00]} 50. Ke4 {[%emt 0:00:01]} g5 {[%emt 0:00:00]} 51. Rxf3 {[%emt 0:00:00]} Re8+ {[%emt 0:00:01] Zeit (Lag: Av=0.24s, max=0.3s)} 0-1